[Event "Zonal Lvov"]
[Site "Lvov"]
[Date "1978.??.??"]
[Round "3"]
[White "Vaganian, Rafael A"]
[Black "Sveshnikov, Evgeny"]
[Result "1-0"]
[WhiteElo "2570"]
[BlackElo "2565"]
[Annotator "Moiseev,V"]
[PlyCount "119"]
[EventDate "1978.04.??"]
[EventType "tourn"]
[EventRounds "15"]
[EventCountry "URS"]
[EventCategory "13"]
[SourceTitle "MCL"]
[Source "ChessBase"]
[SourceDate "1999.07.01"]
[SourceVersion "1"]
[SourceVersionDate "1999.07.01"]
[SourceQuality "1"]

1. c4 e6 2. Nf3 d5 3. g3 Nf6 4. Bg2 dxc4 5. Qa4+ Nbd7 6. Qxc4 c5 7. Qb3 (7. Qc2
) (7. d3) (7. O-O) 7... Rb8 8. d3 Bd6 9. Nc3 (9. a4 b6 10. Na3 a6 11. Nc4 Bc7
12. Bd2 O-O 13. O-O Bb7 14. Rfc1 $14 {Salov,V-Oll,L/Wijk aan Zee/1993/1:0/68/})
9... a6 10. a4 (10. Nd2 O-O 11. O-O b6 12. Nde4 Be5 13. Rd1 Bb7 14. Bg5 h6 15.
Nxf6+ Nxf6 16. Bxf6 Bxf6 17. Bxb7 Rxb7 $10 {Chernin,A-Rashkovsky,N/URS (ch 1L)/
1981/1/2-1/2/21}) (10. O-O) (10. Ng5 $5) 10... b6 (10... b5 $2 11. axb5 axb5
12. Nxb5 Qb6 13. Nxd6+) 11. Nd2 (11. Ng5 h6 12. Nge4 Be5 13. O-O O-O 14. Rd1
Bb7 15. Nxf6+ Nxf6 16. Bxb7 Rxb7 $10 {Stangl,M-Luther,T/Balassagyarmat/1990/1/
2-1/2/23/}) (11. O-O) 11... Bb7 12. Bxb7 Rxb7 13. Nc4 Nb8 $1 (13... Bc7 $2 14.
Na5 $1 $18) 14. Nxd6+ $6 (14. Bg5 $5) 14... Qxd6 15. Bg5 Nd5 16. Ne4 Qc7 17.
Qc4 O-O 18. O-O Nc6 $1 19. Qxa6 $6 (19. Bd2 $142) 19... Nd4 20. Rae1 Nb4 21.
Qc4 Nbc2 22. Rb1 Nxe2+ 23. Kg2 Ned4 24. f3 $2 (24. Be3 f5 25. Bxd4 Nxd4 26. Nc3
Qc6+ 27. f3 $15) 24... f5 25. Nd2 (25. Bf4 Qxf4 $1 26. gxf4 Ne3+ 27. Kf2 Nxc4
$19) 25... f4 $1 $19 26. Rbe1 Nxe1+ 27. Rxe1 fxg3 28. hxg3 Qc6 29. Re4 Rd7 (
29... Rbf7 $2 30. Rxd4) 30. Be3 Rfd8 31. Kf2 Rd5 32. g4 Qd7 33. b4 Nc6 34. bxc5
bxc5 35. Ke2 Ne5 $6 (35... Rxd3 36. Qxe6+ Qxe6 37. Rxe6 Rxd2+ 38. Bxd2 Nd4+ $19
) 36. Qb5 Nxd3 $6 (36... c4 $1 37. Qxd7 cxd3+ 38. Kf2 R8xd7 $19) 37. Qxd7 R8xd7
(37... R5xd7 $142) 38. Nc4 e5 $2 39. Nb6 Kf7 $2 (39... Nf4+ 40. Bxf4 exf4 41.
Nxd5 Rxd5 42. Rxf4 $14) 40. a5 Ke6 41. Nxd5 Rxd5 42. a6 Nb4 43. a7 Rd8 44. Bxc5
$18 Nc6 45. Re3 $1 {/\ 46.Re3-d3} Ra8 46. Rd3 Nd4+ 47. Ke3 $1 (47. Bxd4 $6 exd4
48. Ra3 Ke5 49. Ra5+ Kf4 50. Rf5+ Kg3 51. Rf7 g5) 47... h5 48. gxh5 Kf5 49. Rd1
Kg5 50. Ke4 Kxh5 51. Bxd4 exd4 52. Ra1 g5 53. Kxd4 Kh4 54. Ra5 Kh3 55. Kc5 Kg3
56. Kb6 Rg8 57. Rxg5+ Rxg5 58. a8=Q Rf5 59. Kc6 Rxf3 60. Kd5 1-0

[Event "Zonal Lvov"]
[Site "Lvov"]
[Date "1978.??.??"]
[Round "13"]
[White "Vaganian, Rafael A"]
[Black "Smyslov, Vassily V"]
[Result "1-0"]
[WhiteElo "2570"]
[BlackElo "2575"]
[PlyCount "115"]
[EventDate "1978.04.??"]
[EventType "tourn"]
[EventRounds "15"]
[EventCountry "URS"]
[EventCategory "13"]
[SourceTitle "MCL"]
[Source "ChessBase"]
[SourceDate "1999.07.01"]
[SourceVersion "1"]
[SourceVersionDate "1999.07.01"]
[SourceQuality "1"]

1. Nf3 d5 2. d4 Nf6 3. c4 c6 4. e3 g6 5. Nc3 Bg7 6. Be2 O-O 7. O-O e6 8. Qc2
Nbd7 9. Rd1 b6 10. e4 dxe4 11. Nxe4 Qc7 12. Nxf6+ Bxf6 13. Bh6 Re8 14. c5 bxc5
15. dxc5 Rb8 16. Rab1 Qa5 17. Nd4 Qxc5 18. Qxc5 Nxc5 19. Nxc6 Rb6 20. Be3 Rxc6
21. Bb5 Bd7 22. Bxc6 Bxc6 23. Bxc5 Be4 24. b4 Bxb1 25. Rxb1 a6 26. a4 Be7 27.
Be3 Rb8 28. b5 axb5 29. axb5 Kf8 30. b6 Rb7 31. g4 Ke8 32. g5 Kd7 33. Kg2 Bd6
34. h3 Kc6 35. Rc1+ Kd5 36. Kf3 e5 37. Rd1+ Kc6 38. Ke4 Re7 39. f3 Re8 40. Ra1
Bb8 41. Rc1+ Kb7 42. Rd1 Kc6 43. h4 Rf8 44. h5 gxh5 45. Kf5 Bd6 46. Rc1+ Kb7
47. Rh1 Ra8 48. Rxh5 Ra3 49. Ke4 Kc6 50. Rh1 Ra4+ 51. Kf5 Ra3 52. Re1 Bb4 53.
Rc1+ Rc3 54. Kf6 Rxc1 55. Bxc1 e4 56. fxe4 Kxb6 57. Kxf7 Bc3 58. Bf4 1-0

[Event "URS-chT Cup 10th"]
[Site "Ordzhonikidze"]
[Date "1978.05.??"]
[Round "2"]
[White "Vaganian, Rafael A"]
[Black "Kupreichik, Viktor D"]
[Result "1-0"]
[WhiteElo "2570"]
[BlackElo "2490"]
[PlyCount "81"]
[EventDate "1978.05.05"]
[EventType "team-tourn"]
[EventRounds "7"]
[EventCountry "URS"]
[SourceTitle "EXT 2017"]
[Source "ChessBase"]
[SourceDate "2016.10.25"]
[SourceVersion "1"]
[SourceVersionDate "2016.10.25"]
[SourceQuality "1"]
[WhiteTeam "Spartak"]
[BlackTeam "Dinamo"]
[WhiteTeamCountry "URS"]
[BlackTeamCountry "URS"]

1. d4 Nf6 2. c4 e6 3. Nf3 b6 4. a3 c5 5. d5 Ba6 6. Qc2 Qe7 ({RR} 6... exd5 7.
cxd5 Bb7 8. e4 Qe7 9. Bd3 Nxd5 10. O-O Nc7 11. Nc3) 7. Bg5 exd5 8. Bxf6 ({RR} 
8. Nc3 Bxc4 9. e4) 8... Qxf6 9. cxd5 g6 10. e4 Bxf1 11. Kxf1 Bg7 12. Nc3 O-O
13. e5 Qe7 14. Nb5 Bxe5 15. d6 ({RR} 15. Re1 d6 16. Nxe5 dxe5 17. d6 Qd7 18.
Nc7 Nc6 19. Nxa8 Rxa8) (15. Nxe5 Qxe5 16. Re1 Qxd5 17. Nc7 Qc6 18. Nxa8 Qxa8
$44 {[%csl Rf1,Rh1]}) 15... Bxd6 16. Qd2 Be5 17. Nxe5 Qxe5 18. Re1 Qf5 19. Nc7
Nc6 20. Nxa8 Rxa8 21. h4 h5 22. Rh3 Nd4 23. Qh6 Qf6 24. Kg1 Rf8 25. Rg3 Nf5 26.
Qf4 Kg7 27. Rg5 Rd8 28. Re5 Nd4 29. Qg3 Kf8 30. Kh2 d6 31. Re4 Nf5 32. Qf3 Qxb2
33. Rf4 Qf6 34. g3 c4 (34... d5) 35. Rxc4 d5 36. Rf4 d4 37. Rgxf5 $1 gxf5 38.
Rxf5 Qe6 (38... Qg6 39. Rxh5) 39. Rxh5 Rd7 40. Qf4 d3 $4 $138 41. Rh6 1-0

[Event "Niksic International"]
[Site "Niksic"]
[Date "1978.06.??"]
[Round "3"]
[White "Ivanovic, Bozidar"]
[Black "Vaganian, Rafael A"]
[Result "0-1"]
[WhiteElo "2460"]
[BlackElo "2570"]
[PlyCount "102"]
[EventDate "1978.06.??"]
[EventType "tourn"]
[EventRounds "11"]
[EventCountry "YUG"]
[EventCategory "13"]
[SourceTitle "MCL"]
[Source "ChessBase"]
[SourceDate "1999.07.01"]
[SourceVersion "1"]
[SourceVersionDate "1999.07.01"]
[SourceQuality "1"]

1. e4 e6 2. d4 d5 3. Nc3 Bb4 4. e5 c5 5. a3 Bxc3+ 6. bxc3 Ne7 7. Nf3 Qa5 8. Qd2
Nbc6 9. Bd3 b6 10. a4 Ba6 11. dxc5 Bxd3 12. Qxd3 bxc5 13. O-O c4 14. Qd2 O-O
15. Ba3 Rfe8 16. Bb4 Qd8 17. Bxe7 Qxe7 18. Rae1 f5 19. exf6 Qxf6 20. Nd4 e5 21.
Nxc6 Qxc6 22. f4 Qc5+ 23. Kh1 e4 24. Re3 Rad8 25. f5 Rd6 26. g4 d4 27. cxd4
Rxd4 28. Qf2 Qd6 29. g5 Rd2 30. Qh4 Rd1 31. Qf2 Re5 32. Qe2 Rxf1+ 33. Qxf1 Qd5
34. f6 Rxg5 35. fxg7 Kxg7 36. Qa1+ Kg6 37. Qe1 Kf6 38. Qf2+ Ke6 39. Qe1 a5 40.
h3 Kd6 41. Qb1 Kc7 42. Qf1 Rf5 43. Qg2 Rf3 44. Rxf3 exf3 45. Qg7+ Kc6 46. Qf6+
Kc5 47. Qe7+ Kd4 48. Qf6+ Ke3 49. Kh2 Qe4 50. Qc3+ Ke2 51. Qb2 f2 0-1

[Event "Kirovakan"]
[Site "Kirovakan"]
[Date "1978.??.??"]
[Round "9"]
[White "Vaganian, Rafael A"]
[Black "Plachetka, Jan"]
[Result "1-0"]
[WhiteElo "2570"]
[BlackElo "2460"]
[PlyCount "74"]
[EventDate "1978.08.04"]
[EventType "tourn"]
[EventRounds "15"]
[EventCountry "URS"]
[EventCategory "8"]
[SourceTitle "EXT 1999"]
[Source "ChessBase"]
[SourceDate "1998.11.16"]
[SourceVersion "1"]
[SourceVersionDate "1998.11.16"]
[SourceQuality "1"]

1. d4 Nf6 2. c4 g6 3. Nc3 d5 4. Bf4 Bg7 5. e3 O-O 6. Rc1 c5 7. dxc5 Be6 8. Nf3
Nc6 9. Be2 Ne4 10. Nd4 Nxd4 11. exd4 Nxc3 12. bxc3 dxc4 13. O-O Bd5 14. Bf3 Qd7
15. Re1 Rfe8 16. Rb1 b6 17. Bxd5 Qxd5 18. cxb6 axb6 19. Rxb6 Qa5 20. Rb4 Qxa2
21. h3 Rac8 22. Qa4 Qxa4 23. Rxa4 e6 24. g4 Re7 25. Rb1 f6 26. Bd6 Rd7 27. Rb8
Rxb8 28. Bxb8 Rd8 29. Bc7 Rc8 30. Ra7 Bf8 31. Kg2 Re8 32. Bg3 Rc8 33. Kf3 Bh6
34. Bd6 Bd2 35. Bb4 Rc6 36. Ke4 Be1 37. Ke3 e5 1-0

[Event "Kirovakan"]
[Site "Kirovakan"]
[Date "1978.??.??"]
[Round "15"]
[White "Vaganian, Rafael A"]
[Black "Ornstein, Axel"]
[Result "1-0"]
[WhiteElo "2570"]
[BlackElo "2425"]
[PlyCount "111"]
[EventDate "1978.08.04"]
[EventType "tourn"]
[EventRounds "15"]
[EventCountry "URS"]
[EventCategory "8"]
[SourceTitle "EXT 1999"]
[Source "ChessBase"]
[SourceDate "1998.11.16"]
[SourceVersion "1"]
[SourceVersionDate "1998.11.16"]
[SourceQuality "1"]

1. d4 Nf6 2. Nf3 e6 3. c4 b6 4. a3 c5 5. d5 Ba6 6. Qc2 Qe7 7. Bg5 h6 8. Bxf6
Qxf6 9. e4 d6 10. Qa4+ Nd7 11. dxe6 fxe6 12. Nc3 Bb7 13. Bd3 Rc8 14. O-O Bc6
15. Qc2 Be7 16. e5 Nxe5 17. Nxe5 Qxe5 18. Rae1 Qf6 19. Be4 O-O 20. Bxc6 Rxc6
21. Qe4 Rcc8 22. Qxe6+ Qxe6 23. Rxe6 Bf6 24. Nd5 Rce8 25. Nxf6+ gxf6 26. Rxd6
Re2 27. Rb1 Kg7 28. g3 Rc2 29. b3 Re8 30. Rd3 Ree2 31. Rf3 Kg6 32. Kg2 Rb2 33.
Rxb2 Rxb2 34. Rd3 Ra2 35. a4 Rb2 36. Kf3 Kf5 37. h3 h5 38. Ke3 Ke6 39. Kf3 Kf5
40. g4+ hxg4+ 41. hxg4+ Kg5 42. Kg3 Rb1 43. f4+ Kg6 44. Kf3 Kf7 45. Ke4 Ke6 46.
f5+ Ke7 47. Kd5 Kd7 48. g5 $1 (48. a5 $4 Re1 $1 {nebst Matt auf e5}) 48... fxg5
49. Ke5+ Ke7 50. f6+ Kf7 51. Rd7+ Kg6 52. Rg7+ Kh6 53. Rg8 Re1+ 54. Kf5 Rf1+
55. Ke6 Re1+ 56. Kf7 1-0

[Event "Clarin"]
[Site "Buenos Aires"]
[Date "1978.??.??"]
[Round "2"]
[White "Vaganian, Rafael A"]
[Black "Szmetan, Jorge"]
[Result "1-0"]
[WhiteElo "2570"]
[BlackElo "2420"]
[PlyCount "105"]
[EventDate "1978.11.??"]
[EventType "tourn"]
[EventRounds "13"]
[EventCountry "ARG"]
[EventCategory "11"]
[SourceTitle "MCD"]
[Source "ChessBase"]
[SourceDate "1999.07.01"]
[SourceVersion "1"]
[SourceVersionDate "1999.07.01"]
[SourceQuality "1"]

1. Nf3 c5 2. c4 g6 3. e4 Bg7 4. d4 cxd4 5. Nxd4 Nc6 6. Be3 Nh6 7. Be2 d6 8. Qd2
Ng4 9. Bxg4 Bxg4 10. O-O O-O 11. Nc3 Bd7 12. Rac1 a6 13. Rfd1 Re8 14. Nd5 Nxd4
15. Bxd4 Bxd4 16. Qxd4 Rc8 17. e5 dxe5 18. Qxe5 Bc6 19. c5 Bxd5 20. Rxd5 Qc7
21. Qe3 Red8 22. Re5 Rd7 23. h4 Rcd8 24. Re1 Rd3 25. Qc1 e6 26. R5e4 R8d5 27.
b4 Rd2 28. a3 Qd7 29. Qa1 Rc2 30. g3 h5 31. Rf4 e5 32. Rf3 Kg7 33. Rc3 Rcd2 34.
Qb1 Rd1 35. Rc1 Rxe1+ 36. Rxe1 f5 37. Qb2 Kf7 38. Rxe5 Rd1+ 39. Kg2 Rd2 40.
Qb3+ Kf6 41. Re6+ Qxe6 42. Qc3+ Kf7 43. Qxd2 Qc6+ 44. Kg1 Ke6 45. Kf1 Qh1+ 46.
Ke2 Ke5 47. Qd6+ Ke4 48. Qd3+ Ke5 49. Qf3 Qa1 50. Qf4+ Kf6 51. Qd6+ Kg7 52.
Qc7+ Kf6 53. Qb6+ 1-0

[Event "Clarin"]
[Site "Buenos Aires"]
[Date "1978.??.??"]
[Round "12"]
[White "Najdorf, Miguel"]
[Black "Vaganian, Rafael A"]
[Result "0-1"]
[WhiteElo "2525"]
[BlackElo "2570"]
[PlyCount "82"]
[EventDate "1978.11.??"]
[EventType "tourn"]
[EventRounds "13"]
[EventCountry "ARG"]
[EventCategory "11"]
[SourceTitle "MCD"]
[Source "ChessBase"]
[SourceDate "1999.07.01"]
[SourceVersion "1"]
[SourceVersionDate "1999.07.01"]
[SourceQuality "1"]

1. d4 Nf6 2. Nf3 c5 3. d5 b5 4. Bg5 d6 5. Bxf6 exf6 6. e3 a6 7. a4 b4 8. a5 Be7
9. Nbd2 f5 10. Nc4 Bf6 11. Be2 O-O 12. O-O Ra7 13. Rb1 Re8 14. Qd2 Rb7 15. c3
Rb5 16. cxb4 Rxb4 17. b3 Qe7 18. Bd3 g6 19. Ne1 Nd7 20. Nc2 Rb8 21. f4 Bg7 22.
b4 Bb7 23. bxc5 Nxc5 24. Nb4 Rbc8 25. Rfc1 Rc7 26. Rc2 h5 27. h3 Bf6 28. Kh2 h4
29. Qe2 Bg7 30. Rbc1 Bf8 31. Qd1 Nxd3 32. Qxd3 Rc5 33. Kg1 Qe4 34. Qxe4 Rxe4
35. Kf2 Bxd5 36. Nxd5 Rxd5 37. Nb6 Rxa5 38. Rc8 Kg7 39. Ra8 Ra2+ 40. Kf1 Rxe3
41. Nd7 Be7 0-1

[Event "Keres Memorial-02"]
[Site "Tallinn"]
[Date "1979.03.05"]
[Round "9"]
[White "Vaganian, Rafael A"]
[Black "Vooremaa, Andres M"]
[Result "1-0"]
[WhiteElo "2570"]
[BlackElo "2395"]
[PlyCount "85"]
[EventDate "1979.02.21"]
[EventType "tourn"]
[EventRounds "17"]
[EventCountry "URS"]
[EventCategory "10"]
[SourceTitle "MCD"]
[Source "ChessBase"]
[SourceDate "1999.07.01"]
[SourceVersion "1"]
[SourceVersionDate "1999.07.01"]
[SourceQuality "1"]

1. c4 Nf6 2. d4 e6 3. Nf3 d5 4. g3 c5 5. cxd5 exd5 6. Bg2 Nc6 7. Nc3 cxd4 8.
Nxd4 Be7 9. O-O O-O 10. b3 Bc5 11. Nxc6 bxc6 12. Qc2 Bb6 13. Na4 Bd7 14. Nc5
Re8 15. Re1 Bg4 16. Bb2 Qe7 17. Na4 Rac8 18. Rac1 h5 19. Nxb6 axb6 20. Bd4 Nd7
21. h3 Be6 22. e4 Qd6 23. Rcd1 f6 24. Be3 Ra8 25. Rd2 Ra5 26. Rc1 Rc8 27. Qd1
Rca8 28. Rxc6 Qxc6 29. exd5 Rxd5 30. Rxd5 Rxa2 31. Rd6 Qc3 32. Bd5 Ra1 33.
Bxe6+ Kh8 34. Rxd7 Rxd1+ 35. Rxd1 h4 36. gxh4 Qe5 37. Rd8+ Kh7 38. Bg8+ Kg6 39.
Rd5 Qa1+ 40. Kg2 f5 41. Rd6+ Kh5 42. Bf7+ Kxh4 43. Rd4+ 1-0

[Event "Kecskemet Toth Memorial-07"]
[Site "Kecskemet"]
[Date "1979.06.07"]
[Round "6"]
[White "Barczay, Laszlo"]
[Black "Vaganian, Rafael A"]
[Result "0-1"]
[WhiteElo "2470"]
[BlackElo "2570"]
[PlyCount "140"]
[EventDate "1979.06.02"]
[EventType "tourn"]
[EventRounds "15"]
[EventCountry "HUN"]
[EventCategory "9"]
[SourceTitle "EXT 1999"]
[Source "ChessBase"]
[SourceDate "1998.11.16"]
[SourceVersion "1"]
[SourceVersionDate "1998.11.16"]
[SourceQuality "1"]

1. e4 e6 2. d4 d5 3. Nd2 Nc6 4. Ngf3 Nf6 5. e5 Nd7 6. Nb3 Be7 7. Bb5 a5 8. a4
Ncb8 9. c3 b6 10. h4 h6 11. Nbd2 c6 12. Bd3 Ba6 13. Bxa6 Nxa6 14. Rh3 b5 15. h5
Nc7 16. Rg3 Bf8 17. Qe2 bxa4 18. Rxa4 Nb6 19. Ra2 a4 20. Kf1 Nb5 21. Qd3 Qc8
22. Kg1 Ra7 23. Nf1 Qa6 24. Rg4 Nc7 25. Qc2 Qc4 26. Ra1 Qb5 27. Ne1 Nc8 28. Nd3
Na8 29. Ne3 Nab6 30. f4 Nc4 31. Nxc4 dxc4 32. Nf2 Ne7 33. Nd1 f5 34. exf6 gxf6
35. Ne3 f5 36. Rg3 Nd5 37. Nxd5 cxd5 38. Rg6 Qd7 39. g4 Kf7 40. Be3 Rg8 41.
gxf5 exf5 42. Qg2 Rg7 43. Kh1 Kg8 44. Rg1 Qf7 45. Bf2 Rxg6 46. hxg6 Qd7 47. Re1
Bg7 48. Bh4 Ra6 49. Re7 Qc6 50. Re3 Kh8 51. Be7 Qd7 52. Ba3 Re6 53. Qe2 Rxe3
54. Qxe3 Kg8 55. Be7 Qc6 56. Bd8 Qxg6 57. Bc7 Qh5+ 58. Kg2 Kf7 59. Be5 Bf8 60.
Qd2 Qg4+ 61. Kh2 h5 62. Qc2 Bh6 63. Qxa4 Bxf4+ 64. Bxf4 Qxf4+ 65. Kg2 Qe4+ 66.
Kh2 Kg6 67. Qd7 h4 68. Qd6+ Kg5 69. Qd8+ Kg4 70. Qg8+ Kf4 0-1

[Event "Kecskemet Toth Memorial-07"]
[Site "Kecskemet"]
[Date "1979.06.15"]
[Round "14"]
[White "Vaganian, Rafael A"]
[Black "Rigo, Janos"]
[Result "1-0"]
[WhiteElo "2570"]
[BlackElo "2385"]
[PlyCount "82"]
[EventDate "1979.06.02"]
[EventType "tourn"]
[EventRounds "15"]
[EventCountry "HUN"]
[EventCategory "9"]
[SourceTitle "EXT 1999"]
[Source "ChessBase"]
[SourceDate "1998.11.16"]
[SourceVersion "1"]
[SourceVersionDate "1998.11.16"]
[SourceQuality "1"]

1. d4 Nf6 2. c4 e6 3. Nf3 b6 4. a3 d5 5. cxd5 exd5 6. Nc3 Be7 7. g3 O-O 8. Bg2
Bb7 9. O-O Nbd7 10. Ne5 c6 11. Nd3 Re8 12. b4 Bf8 13. Bg5 h6 14. Bxf6 Qxf6 15.
e3 Rad8 16. Qb3 Qf5 17. Rfd1 Nf6 18. Rac1 Bd6 19. Qb1 Qh5 20. Re1 Ng4 21. h3
Nf6 22. Nf4 Bxf4 23. exf4 Bc8 24. Re5 Rxe5 25. dxe5 Nh7 26. g4 Qh4 27. Ne2 h5
28. f3 d4 29. Qd3 Nf8 30. f5 c5 31. bxc5 bxc5 32. Rxc5 Qe7 33. Ra5 Qc7 34. Ra4
Qxe5 35. Rxd4 Ba6 36. Qd2 Qc5 37. Qb4 Qc7 38. Rxd8 Qxd8 39. Ng3 hxg4 40. fxg4
Nd7 41. Kh2 Qb8 1-0

[Event "Kecskemet Toth Memorial-07"]
[Site "Kecskemet"]
[Date "1979.06.16"]
[Round "15"]
[White "Groszpeter, Attila"]
[Black "Vaganian, Rafael A"]
[Result "0-1"]
[WhiteElo "2375"]
[BlackElo "2570"]
[PlyCount "68"]
[EventDate "1979.06.02"]
[EventType "tourn"]
[EventRounds "15"]
[EventCountry "HUN"]
[EventCategory "9"]
[SourceTitle "EXT 1999"]
[Source "ChessBase"]
[SourceDate "1998.11.16"]
[SourceVersion "1"]
[SourceVersionDate "1998.11.16"]
[SourceQuality "1"]

1. e4 Nf6 2. e5 Nd5 3. c4 Nb6 4. c5 Nd5 5. d4 b6 6. cxb6 axb6 7. Nc3 Bb7 8. Nf3
e6 9. Bc4 Nxc3 10. bxc3 d5 11. Bd3 Be7 12. O-O Ba6 13. Bxa6 Rxa6 14. Qb3 O-O
15. c4 Nc6 16. cxd5 Qxd5 17. Be3 Nb4 18. Rfc1 Rfa8 19. Rab1 Rxa2 20. Qc3 Na6
21. h3 h6 22. Ne1 Ra3 23. Qc2 c5 24. dxc5 bxc5 25. Rd1 Qxe5 26. Rb7 Nb4 27. Qc4
Ra1 28. Bc1 Rd8 29. Bf4 Qf6 30. Rxa1 Qxa1 31. Rxe7 Qxe1+ 32. Kh2 Nd5 33. Rb7
Qxf2 34. Bc1 Ne3 0-1

[Event "Baden"]
[Site "Baden"]
[Date "1980.??.??"]
[Round "12"]
[White "Vaganian, Rafael A"]
[Black "Smejkal, Jan"]
[Result "1-0"]
[WhiteElo "2590"]
[BlackElo "2555"]
[Annotator "Dolmatov,S"]
[PlyCount "61"]
[EventDate "1980.??.??"]
[EventType "tourn"]
[EventRounds "15"]
[EventCountry "AUT"]
[EventCategory "12"]
[SourceTitle "MCL"]
[Source "ChessBase"]
[SourceDate "1999.07.01"]
[SourceVersion "1"]
[SourceVersionDate "1999.07.01"]
[SourceQuality "1"]

1. d4 Nf6 2. c4 g6 3. Nf3 Bg7 4. g3 O-O 5. Bg2 c6 6. Nc3 d5 7. cxd5 cxd5 8. Ne5
e6 9. O-O Nfd7 10. f4 Nxe5 (10... Nc6 11. Be3 Nb6 12. Bf2 Ne7 13. Qb3 Bd7 $10 {
Karpov,An-Kasparov,G/Wch-KK5 Sevilla/1987/1/2-1/2/29/}) 11. fxe5 Nc6 12. Rf2 f6
13. exf6 Bxf6 14. Be3 Bd7 15. Qd2 Bg7 16. Raf1 Rxf2 $6 (16... Qb6 17. Na4 $16)
(16... Qe7 $5 $14) 17. Bxf2 Qe7 18. e4 dxe4 19. Nxe4 Rf8 (19... Rd8 20. Be3 Qb4
$14) 20. Rd1 Rf5 $6 (20... Bc8 21. Be3 Qb4) 21. Nc5 Bc8 22. b4 $16 Rf8 23. b5
Nxd4 24. Bxd4 Rd8 25. Qc3 Qd6 (25... e5 26. Qb3+ Kh8 27. Bf2 $18) 26. Bxg7 (26.
Nb3 $2 e5) 26... Qxd1+ 27. Bf1 e5 28. Bxe5 Bh3 29. Qc4+ Rd5 30. Ne4 Kf8 (30...
Qxf1+ 31. Qxf1 Bxf1 32. Nf6+ $18) (30... Bxf1 31. Qxd5+ $18) 31. Nc3 1-0

[Event "Mexico-A"]
[Site "Mexico City"]
[Date "1980.04.??"]
[Round "?"]
[White "Lombardy, William James"]
[Black "Vaganian, Rafael A"]
[Result "0-1"]
[WhiteElo "2525"]
[BlackElo "2590"]
[PlyCount "80"]
[EventDate "1980.04.??"]
[EventType "tourn"]
[EventRounds "11"]
[EventCountry "MEX"]
[EventCategory "7"]
[SourceTitle "EXT 2009"]
[Source "ChessBase"]
[SourceDate "2008.11.26"]
[SourceVersion "1"]
[SourceVersionDate "2008.11.26"]
[SourceQuality "1"]

1. c4 e5 2. Nc3 d6 3. g3 f5 4. Bg2 Nf6 5. d3 Be7 6. Nh3 Nc6 7. f4 O-O 8. O-O
Qe8 9. Nf2 a6 10. b3 Rb8 11. Bb2 Bd8 12. Qd2 Qh5 13. e3 exf4 14. gxf4 Ne7 15.
Nd5 Ng6 16. Nh1 Ng4 17. h3 Nh6 18. Qd1 Qh4 19. Bc3 Nf7 20. Nb4 Qh6 21. Rf3 Bd7
22. Kh2 Re8 23. Qd2 Re6 24. Rg1 Nh4 25. Rg3 Rg6 26. Bf1 c6 27. Nc2 Bb6 28. Bd4
Bc7 29. Be2 Re8 30. Qd1 c5 31. Bc3 Bc6 32. Bh5 d5 33. d4 dxc4 34. dxc5 Re4 35.
Be1 cxb3 36. axb3 a5 37. Rxg6 hxg6 38. Bxh4 gxh5 39. Be1 h4 40. Bd2 Rxf4 0-1

[Event "Mexico-A"]
[Site "Mexico City"]
[Date "1980.04.??"]
[Round "?"]
[White "Vaganian, Rafael A"]
[Black "Navarro Segura, Roberto"]
[Result "1-0"]
[WhiteElo "2590"]
[BlackElo "2325"]
[PlyCount "63"]
[EventDate "1980.04.??"]
[EventType "tourn"]
[EventRounds "11"]
[EventCountry "MEX"]
[EventCategory "7"]
[SourceTitle "EXT 2009"]
[Source "ChessBase"]
[SourceDate "2008.11.26"]
[SourceVersion "1"]
[SourceVersionDate "2008.11.26"]
[SourceQuality "1"]

1. d4 Nf6 2. c4 e6 3. Nf3 b6 4. a3 Bb7 5. Nc3 Be7 6. d5 d6 7. e4 e5 8. Be2 O-O
9. O-O a5 10. Rb1 Bc8 11. b4 Bg4 12. Ne1 Qd7 13. f3 Bh5 14. Nd3 axb4 15. axb4
Ne8 16. Be3 Bg6 17. c5 bxc5 18. bxc5 c6 19. Nb4 cxd5 20. c6 Qc8 21. Ncxd5 Bd8
22. Bb6 Kh8 23. Qc1 Nc7 24. Bxc7 Bxc7 25. Nxc7 Qxc7 26. Nd5 Qa7+ 27. Kh1 Qc5
28. Qxc5 dxc5 29. c7 Nd7 30. Ra1 f5 31. Rxa8 Rxa8 32. Ba6 1-0

[Event "Mexico-A"]
[Site "Mexico City"]
[Date "1980.04.??"]
[Round "?"]
[White "Vaganian, Rafael A"]
[Black "Sisniega, Marcel"]
[Result "1-0"]
[WhiteElo "2590"]
[BlackElo "2420"]
[PlyCount "57"]
[EventDate "1980.04.??"]
[EventType "tourn"]
[EventRounds "11"]
[EventCountry "MEX"]
[EventCategory "7"]
[SourceTitle "EXT 2009"]
[Source "ChessBase"]
[SourceDate "2008.11.26"]
[SourceVersion "1"]
[SourceVersionDate "2008.11.26"]
[SourceQuality "1"]

1. Nf3 Nf6 2. c4 e6 3. g3 b6 4. Bg2 Bb7 5. O-O c5 6. b3 Be7 7. Bb2 O-O 8. d3 d5
9. e3 Nc6 10. Qe2 a6 11. Rd1 $146 ({RR} 11. Nbd2 Qc7 12. e4 dxe4 13. dxe4 e5
14. Nh4 Rad8 15. Nf5 Rfe8 16. f4 Nd4 17. Bxd4 cxd4 18. Kh1 Bb4 19. fxe5 Qxe5
20. Nf3 Qxf5 21. Nh4 Qe6 {0-1 Zichichi,A (2360)-Messa,R (2200)/Reggio Emilia
1978/MCD}) 11... b5 12. cxd5 exd5 13. d4 c4 $132 14. bxc4 bxc4 15. Ne5 Rc8 16.
Nc3 Qa5 (16... Qd6 {[%cal Gc6e5]}) 17. Rac1 Rfd8 18. f4 Nxe5 19. dxe5 Ne4 20.
Bh3 $36 Rc7 21. Nxe4 dxe4 22. Rxd8+ Bxd8 23. Bc3 Qa3 24. Qd2 Be7 25. Rb1 h6 26.
e6 Qd6 27. Qxd6 Bxd6 28. Ba5 Re7 29. Bd8 1-0

[Event "Yerevan"]
[Site "Yerevan"]
[Date "1980.??.??"]
[Round "12"]
[White "Grigorian, Karen Ashotovich"]
[Black "Vaganian, Rafael A"]
[Result "0-1"]
[WhiteElo "2475"]
[BlackElo "2590"]
[PlyCount "80"]
[EventDate "1980.06.04"]
[EventType "tourn"]
[EventRounds "15"]
[EventCountry "URS"]
[EventCategory "10"]
[SourceTitle "MCD"]
[Source "ChessBase"]
[SourceDate "1999.07.01"]
[SourceVersion "1"]
[SourceVersionDate "1999.07.01"]
[SourceQuality "1"]

1. d4 Nf6 2. Nf3 g6 3. g3 c5 4. d5 b5 5. Bg2 d6 6. O-O Bg7 7. c4 bxc4 8. Nfd2
Ba6 9. Nxc4 O-O 10. Qc2 Nbd7 11. h3 Nb6 12. Ne3 Qd7 13. Nc3 e6 14. dxe6 Qxe6
15. f4 d5 16. g4 d4 17. f5 Qe5 18. g5 dxc3 19. gxf6 cxb2 20. Bxb2 Qxe3+ 21. Kh2
Bh6 22. fxg6 hxg6 23. Rae1 Bf4+ 24. Kh1 Qg3 25. Rxf4 Qxf4 26. Rg1 Qh4 27. Kh2
Rae8 28. Bf3 Qf4+ 29. Kh1 Rxe2 30. Rxg6+ Kh8 31. Bxe2 Bb7+ 32. Kg1 fxg6 33.
Qxg6 Rf7 34. Qh5+ Kg8 35. Be5 Qe4 36. Qg5+ Kh8 37. Kf2 Nd7 38. Bc3 Bc6 39. Ke1
Bb5 40. Qh5+ Kg8 0-1